00764nam a2200241 a 4500001001300000003000900013005001700022008004100039020002200080082001700102100002700119245007800146260004000224300000900264500003500273505001000308650002900318700002700347902000800374942000700382952011600389999001700505nice12345678IN_TiNIC20260116013255.0050524s1995 dela grp 000 0 urd  a8171604 c8000a181.07bALA1 aAlam, Mohammad Manzoor aKalam-E-Iqbal Mein Qurani Aayat Va Ahadees Aur Mazhabi Istelahat Ka Jaiza aDelhibAnjuman Taraqqi-E-Urduc1995 a183p aincludes index and biblioraphy2 aIndex aPhilosophy-Islamic-Iqbal1 aAlam, Mohammad Manzoor bSRS cBK 001040708StackRoom-aHMIbHMId2007-07-31g80.00l0o181.07 ALA1p017224r2007-07-31v80.00w2005-05-24yBK c10356d10356